000
00214nam a2200097Ia 4500
008
240331s9999 xx 000 0 und d
082
_b
ASH
100
_a
Ashokamitran
245
0
_a
Ashokamitran katturaigal
942
_c
L
999
_c
4657
_d
4657